MDQL
is popping MORE tags! Check the
thread
!
Quizzes
Events
Quiz Creation
Community
Videos
Private Events
Remove Ads
Sign In
Join for FREE
Feedback
Dark Mode
Quiz Categories
Sports
Geography
Music
Movies
Television
Just For Fun
Miscellaneous
History
Literature
Language
Science
Gaming
Entertainment
Religion
Holiday
For Kids
Quiz Lab
Recent
Popular Today
Quiz Kudos Today
Editor Picks
Curator Picks
Quizzes by...
Day
Popularity
Type
Ratings
Length
Year
Community
Subscriptions
Recent Discussions
Orange Saloon
Badges
Playlists
Quests
Create
Leaderboards
Showdown
Live 5
Trivia Bingo
Activity
Puzzle Library
Sporcle Events
Private Events
Virtual Trivia
Globe League
Become a Host
Pub Owners
SporcleCon
Opinionation
Our Games
Videos
Blog
Mobile Apps
Partnerships
Remove Ads and Go Orange
Feedback
Holiday
Halloween
Christmas
Holiday Songs
April Fools'
Thanksgiving
Valentine's Day
Easter
St Patrick's Day
National Holiday
Religious Holiday
Holiday
Halloween
Christmas
Holiday Songs
April Fools'
Thanksgiving
Valentine's Day
Easter
St Patrick's Day
National Holiday
Religious Holiday
Random Quiz
Search Sporcle
×
Quiz Lab
Quiz Lab
Holiday
Christmas
Type in answers that appear in a list
Type in answers that appear in a list
Classic
Best Score? Go Orange.
Christmas Carols by Second Line Stats
Can you name the Christmas Carols by Second Line?
By
Boris17
6m
18 Questions
88 Plays
88 Plays
88 Plays
Comments
Comments
Give Quiz Kudos
Give Quiz Kudos
-
- Ratings
hide this ad
Forced Order
Answers have to be entered in order
Answers have to be entered in order
Replay
Link that replays current quiz
Next Quiz
Link to next quiz in quiz playlist
You Got
0%
They Got
Avg Score
56%
Avg Friend Score
Upgrade to see
Score Distribution
Jump to the score distribution portion of the page
Score
0/18
Timer
06:00
0
Plays Today
Hint
Answer
% Correct
All is calm, all is bright
Silent Night
96.6%
Glory to the new born King!
Hark the Herald Angels Sing
85.2%
Joyful and triumphant
O Come All Ye Faithful
84.1%
No crib for a bed
Away in a Manger
79.5%
Bearing gifts we traverse afar
We Three Kings of Orient Are
76.1%
The Lord is come!
Joy to the World
71.6%
How still we see thee lie!
O Little Town of Bethlehem
67%
On the feast of Stephen
Good King Wenceslas
63.6%
The angels did say
The First Noel
62.5%
Hint
Answer
% Correct
Let nothing you dismay
God Rest Ye Merry Gentlemen
58%
That glorious song of old
It Came Upon a Midnight Clear
51.1%
When they are both full grown
The Holly and the Ivy
42%
All seated on the ground
While Shepherds Watched Their Flocks By Night
36.4%
In Heaven the bells are ringing
Ding Dong Merrily on High
35.2%
With heart and soul and voice!
Good Christian Men Rejoice
33%
Wing your flight o'er all the earth
Angels from the Realms of Glory
28.4%
Frosty wind made moan
In the Bleak Midwinter
27.3%
Stood a lowly cattle shed
Once in Royal David's City
22.7%
Quiz Playlist
Details
Report
Send in Message
Add To Playlist
Classic:
Type in answers that appear in a list
Forced Order:
Answers have to be entered in order
Last Updated: Feb 16, 2017
Quiz Scoreboard
CHALLENGE
Sign Up to Join the Scoreboard
Show All
Scores
Hide
Comments
May contain spoilers
Recently Published
5x2 Blitz: Bands
by SL_Kpop136
Music
30s
Colored Red Africa Blitz
by spor1
Geography
30s
Find the 'City' Movie
by crazypaving
Movies
60s
More to Explore
Quiz From the Vault
Featured Blog Post
14 Easter Pick-up Lines to Find Eggs With
hide this ad
You Might Also Like...
Tags
Christmas Quiz
Carol
second
Today's Top Quizzes in Holiday
Browse Holiday
hide this ad
Today's Top Quizzes in Christmas
Browse Christmas
Top Contributed Quizzes in Holiday
1
Pick the Easter Eggs hidden in the Garden
2
5-to-1: Holiday Songs
3
5-to-1: Thanksgiving
4
Christmas Pick: Easter
5
Holidays Spelling Bee
6
April Fools' Zebra Puzzle
7
Easter Teddy Bears
8
A Christmas Story Kids Picture Click
9
Easter - Did You Know?
10
Christmas Pick: April Fools'
Explore More
Trending Topics
Disney
Anime
Kpop
Harry Potter
NBA
Marvel
Crossword
Soccer
WWE
NFL
Puzzle
Pokémon
Country
The Office
Song
hide this ad
More By:
Boris17
Quiz
Plays
Rating
Category
Featured
Created
Avatar: The Last Airbender/ Legend of Korra Characters
1,334
4.60
Television
Nov 30, 2014
Characters from Christmas Films
611
4.50
Holiday
Dec 11, 2014
Avatar/Korra Characters by Family Member/s
282
3.33
Television
Jan 20, 2015
Clickable Shakespeare Characters
257
5.00
Literature
Dec 11, 2014
Disney Villain Songs
145
3.50
Movies
Dec 10, 2014
Go to Creator's Profile
Score Distribution
Quiz Creator Spotlight
Boris17
Follow
Send a Message
Quizzes Created
-
Created Quiz Play Count
-
More By This Creator
Popular Quizzes Today
1
Colored Red Africa Blitz
2
Find the 'City' Movie
3
Find the US States - No Outlines Minefield
4
5x2 Blitz: Bands
5
The Countries of the World
6
Find the US States
7
US States
8
9x9 Crossword: Cartoon Network
More Holiday Quizzes
🎼 🎄 It Came upon the Midnight Clear 🎁 🎶
Curator's Pick
Trending Quizzes
Colored Red Europe Blitz I
Colored Red Europe Blitz II
Colored Red Africa Blitz II
Colored Red Europe Blitz III
Colored Red Africa Blitz III
Recently Updated
How Do You Spell That?
pecheneg
Godzilla Movies
pecheneg
Grab Bag: 4-10 Letters
pecheneg
2024 March Madness Bracket
pecheneg
Famous TV Couples
Peacemaker
Champions League XIs: Real Madrid
pecheneg
Largest US Cities 1790-2010
pecheneg
Rides in Walt Disney World
pecheneg
Most Oscar Losses (Acting)
pecheneg
Beyoncé Albums
pecheneg
Trending Topics
Marvel
Harry Potter
NBA
Disney
Crossword
Anime
Kpop
Country
The Office
NFL
Pokémon
Puzzle
Soccer
Song
WWE
Your Account Isn't Verified!
In order to create a playlist on Sporcle, you need to verify the email address you used during registration. Go to your
Sporcle Settings
to finish the process.
Report this User
Report this user for behavior that violates our
Community Guidelines
.
Details:
Send Report
Go to the Sporcle.com Mobile Site →
Comments